02036agaaa2200301 45000010005000000030009000050050017000140070009000310080040000400400023000800410013001031000047001161300025001632450195001882500022003832600100004053000033005055080213005385110093007515200558008445380016014025460013014186500059014317000059014907000061015497000067016107000057016779376IT-RoPAU20220918181245.0d cvaizq50131s9999||||xx ||| | || ||und|| aIT-RoPAUcIT-RoPAU aITALIANO aMoretti NannigCodice regista SPICS: 22694 aMESSA E' FINITA (LA) aMESSA E' FINITA (LA)cProdotto da: Manzotti Achille -- Sceneggiatura: Moretti Nanni Petraglia Sandro -- Diretto da: Moretti NannipMESSA E' FINITA (LA) (Rif. Codice opera principale : H9376) aEdizione Standard a(ITALIA)bFASO FILM / Distribuzione: MONDADORIg"1985 (1° ed.: 2009 ; Ed. Lingua Orig.: 1985)" aDVDbsonoro, col.c92 minuti a"Fotografia: Di Giacomo Franco; Montaggio: Garrone Mirco; Musica: Piovani Nicola; Sceneggiatura: Moretti Nanni Petraglia Sandro; Scenografia: Fago A. Bertolini G.; Soggetto: Moretti Nanni -- Petraglia Sandro" a"Moretti Nanni; Lozano Margarita; De; Ceresa Ferruccio; Modugno Enrica; Maria; Messeri " a"DI RITORNO DA UNA PARROCCHIA SPERDUTA UN GIOVANE SACERDOTE VIENE DESTINATOA UNA CHIESA DELLA PERIFERIA ROMANA. NELLA CAPITALE, OLTRE ALL'INDIFFERENZA OSTILE DEI PRESUNTI FEDELI TROVA GLI AMICI DI UN TEMPO TRASFORMATI IN TERRORISTI, OMOSESSUALI O MISANTROPI MANIACALI. IN FAMIGLIA LE COSE VANNO ANCHE PEGGIO; IL PADRE SE NE VA CON UN'ALTRA DONNA; LA MADRE SI SUICIDA E LA SORELLA VORREBBE ABORTIRE. DISGUSTATO E IMPOTENTE DI FRONTE A TANTO SQUALLORE, IL GIOVANE SACERDOTE PARTE PER UNA MISSIONE DEL SUDAMERICA. CONTENUTI EXTRA: TRAILER CINEMATOGRAFICO." aPAL, STEREO aITALIANO aDRAMMATICOeDVD-FILM [DVD]xCodice MATERIA SPICS: 9947 aMoretti Nanni e(regista)gCodice regista SPICS: 22694 aMoretti Nanni e(soggetto)gCodice Soggetto SPICS: 22694 aPetraglia Sandro e(soggetto)gCodice Soggetto 2° SPICS: 2658 aPiovani Nicolae(musica)gCodice Musica SPICS: 18893